Propuesta para un nuevo régimen de coparticipación federal (Registro nro. 7653)

Detalles MARC
000 -LEADER
fixed length control field 01621 a2200337 4500
001 - CONTROL NUMBER
control field 62414
005 - DATE AND TIME OF LATEST TRANSACTION
control field 20260407155917.0
008 - FIXED-LENGTH DATA ELEMENTS--GENERAL INFORMATION
fixed length control field 260407a2024 arg spa d
003 - CONTROL NUMBER IDENTIFIER
control field AR-UNSa-BCEJYS
040 ## - CATALOGING SOURCE
Original cataloging agency AR-UNSa-BCEJYS
Language of cataloging spa
Transcribing agency AR-UNSa-BCEJYS
080 ## - UNIVERSAL DECIMAL CLASSIFICATION NUMBER
Universal Decimal Classification number 336.2:323.17
Common auxiliary subdivision Federalismo Fiscal
020 ## - INTERNATIONAL STANDARD BOOK NUMBER
International Standard Book Number 978-987-97527-7-7
041 ## - LANGUAGE CODE
Language code of text/sound track or separate title spa
100 1# - MAIN ENTRY--PERSONAL NAME
Personal name Dib Ashur, Roberto Antonio
245 10 - TITLE STATEMENT
Title Propuesta para un nuevo régimen de coparticipación federal
Name of part/section of a work Grado equivalentes de desarrollo y calidad de vida con criterios objetivos de reparto e igualdad de oportunidades
264 #1 - PRODUCTION, PUBLICATION, DISTRIBUTION, MANUFACTURE, AND COPYRIGHT NOTICE
Place of production, publication, distribution, manufacture Salta :
Name of producer, publisher, distributor, manufacturer Ediciones Librería del Profesional
Date of production, publication, distribution, manufacture, or copyright notice 2024
300 ## - PHYSICAL DESCRIPTION
Extent 208 p.
Dimensions 23 cm.
505 ## - FORMATTED CONTENTS NOTE
Formatted contents note 1. Introducción - 2. Pautas determinantes del proyecto de investigación - 3. La Coparticipación Federal de impuestos en Argentina - 4. Convergencia - 5. Desarrollo - 6. Distribución de la Coparticipación con grados equivalentes de desarrollo, calidad de vida e igualdad de oportunidades - 7. Aspectos a contemplar en un nuevo régimen de Coparticipación Federal con criterios objetivos de reparto -
590 ## - LOCAL NOTE (RLIN)
Local note niveau_biblio:m niveau_hierar:0
700 1# - ADDED ENTRY--PERSONAL NAME
Personal name Claros, María Soledad
700 1# - ADDED ENTRY--PERSONAL NAME
Personal name Safar, Elizabeth
700 1# - ADDED ENTRY--PERSONAL NAME
Personal name Porcelo, Jorge Esteban
700 1# - ADDED ENTRY--PERSONAL NAME
Personal name Juri, María Daniela
700 1# - ADDED ENTRY--PERSONAL NAME
Personal name Carrazán Mena, Gastón Javier
700 1# - ADDED ENTRY--PERSONAL NAME
Personal name Mamaní Valencia, Víctor Hugo
700 1# - ADDED ENTRY--PERSONAL NAME
Personal name Copa, Lucio Agustín
700 1# - ADDED ENTRY--PERSONAL NAME
Personal name Muñoz, Valeria Rina
700 1# - ADDED ENTRY--PERSONAL NAME
Personal name Chalabe, Ana Catalina
856 41 - ELECTRONIC LOCATION AND ACCESS
Uniform Resource Identifier <a href="http://www.biblioeco.unsa.edu.ar/pmb/images/libros/L129350.jpg">http://www.biblioeco.unsa.edu.ar/pmb/images/libros/L129350.jpg</a>
Link text Imagen de portada
Electronic format type image/jpeg
942 ## - ADDED ENTRY ELEMENTS (KOHA)
Koha item type
Existencias
Withdrawn status Lost status Damaged status Not for loan Home library Current library Shelving location Date acquired Total checkouts Full call number Barcode Date last seen Price effective from Koha item type
        Biblioteca Prof. Eusebio Cleto del Rey Biblioteca Prof. Eusebio Cleto del Rey   07/04/2026   336.2:323.17 P965 L129350 07/04/2026 07/04/2026 Libro
        Biblioteca Prof. Eusebio Cleto del Rey Biblioteca Prof. Eusebio Cleto del Rey   07/04/2026   336.2:323.17 P965 L129390 07/04/2026 07/04/2026 Libro
        Biblioteca Prof. Eusebio Cleto del Rey Biblioteca Prof. Eusebio Cleto del Rey   07/04/2026   336.2:323.17 P965 L129391 07/04/2026 07/04/2026 Libro